Từ điển tam ngữ Việt-Anh-Pháp thực dụng

Saved in:
Bibliographic Details
Main Author: Nguyễn Châu Anh
Format: Book
Language:English
Published: VHTT 2003
Subjects:
Tags: Add Tag
No Tags, Be the first to tag this record!
Institutions: Mạng thư viện Đại học Đà Nẵng
LEADER 01045cam a22003131a 4500
001 000033070
003 9203
005 20151021000000.0
008 151016s2003 vm 000 eng
041 |a eng 
082 |a 495.923  |b NG-A 
100 |a Nguyễn Châu Anh 
245 |a Từ điển tam ngữ Việt-Anh-Pháp thực dụng  |c Nguyễn Châu Anh 
260 |a VHTT  |c 2003 
300 |a 907tr. : mh ; 20 cm 
650 |a Nguyễn Châu Anh, Từ điển tam ngữ, Việt, Anh, Pháp 
852 |b Chuyên đề  |c Từ điền 1 
OWN |a LNN 
AVA |a UDN50  |b LNN  |d 495.923 NG-A  |e available  |t Error 5001 Not defined in file expand_doc_bib_avail.  |f 1  |g 0  |h N  |i 0  |k 1 
999 |a From the UDN01 
AVA |a UDN50  |b LNN  |d 495.923 NG-A  |e available  |t Error 5001 Not defined in file expand_doc_bib_avail.  |f 1  |g 0  |h N  |i 0  |k 1 
TYP |a Monograph 
980 |a Mạng thư viện Đại học Đà Nẵng